|
|
|
|
| LEADER |
00000nam0a2200000 4500 |
| 001 |
80634 |
| 005 |
20231101213125.0 |
| 010 |
|
|
|a 0716743450
|
| 035 |
|
|
|a (RuTPU)RU\TPU\book\86665
|
| 090 |
|
|
|a 80634
|
| 100 |
|
|
|a 20050908d2004 km y0engy50 ba
|
| 101 |
0 |
|
|a eng
|
| 102 |
|
|
|a US
|
| 105 |
|
|
|a a z 001zy
|
| 200 |
1 |
|
|a Modern Physics
|f P. A. Tipler, R. A. Llewellyn
|
| 205 |
|
|
|a 4th ed.
|
| 210 |
|
|
|a New York
|c W. H. Freeman and Company
|d 2004
|
| 215 |
|
|
|a 669 p.
|c il.
|
| 320 |
|
|
|a Index at the end of the book
|
| 606 |
1 |
|
|a Физика
|2 stltpush
|3 (RuTPU)RU\TPU\subj\63709
|9 80688
|
| 610 |
1 |
|
|a релятивистская механика
|
| 610 |
1 |
|
|a квантовая механика
|
| 610 |
1 |
|
|a атомная физика
|
| 610 |
1 |
|
|a статистическая физика
|
| 610 |
1 |
|
|a английский язык
|
| 675 |
|
|
|a 53
|v 3
|
| 700 |
|
1 |
|a Tipler
|b P. A.
|g Paul A.
|
| 701 |
|
1 |
|a Llewellyn
|b R. A.
|g Ralph A.
|
| 801 |
|
1 |
|a RU
|b 63413507
|c 20050908
|g PSBO
|
| 801 |
|
2 |
|a RU
|b 63413507
|c 20230302
|g PSBO
|
| 942 |
|
|
|c BK
|